000 00505nmm a2200169Ia 4500
008 251105s9999||||xx |||||||||||||||||und||
020 _a9789560000811
041 _aspa
100 _aJosé Del Pozo
245 0 _aHistoria de América Latina y del Caribe
264 _a[Santiago de Chile, Chile] :
_bLOM Ediciones,
_c2009
300 _a354 páginas
490 _aHistoria
650 _aHistory of the Americas: Latin America
856 _uhttps://public.digitaliapublishing.com/a/18301
942 _cCF
999 _c93398
_d93398